[Event "AUTO-INT-550"]
[Site "http://www.queenalice.com/game.php?id=246585"]
[Date "2007.7.27"]
[Round "1"]
[White "KrikorMendes"]
[Black "FOS2006"]
[Result "0-1"]
[WhiteElo "1285"]
[BlackElo "1576"]

1. d4 d5 2. e3 e6 3. Bb5+ c6 4. Be2 Qc7 5. f4 Bd6 6. g3 Nf6 7. Bf3 O-O 8. Bg4
Nxg4 9. Qxg4 e5 10. Qg5 exd4 11. exd4 Re8+ 12. Ne2 Be7 13. Qh5 Nd7 14. b3 Nf6
15. Qf3 Bg4 16. Qe3 Bb4+ 17. Bd2 Rxe3 18. Bxb4 Rxe2+ 19. Kf1 Rae8 20. h3 Bf3 21.
Rg1 Rh2 22. Nd2 Be2+ 23. Ke1 Bg4+ 24. Kf1 Bxh3+ 25. Rg2 Rxg2 0-1

[Event "AUTO-INT-550"]
[Site "http://www.queenalice.com/game.php?id=246586"]
[Date "2007.7.27"]
[Round "1"]
[White "FOS2006"]
[Black "KrikorMendes"]
[Result "1-0"]
[WhiteElo "1571"]
[BlackElo "1290"]

1. e4 d5 2. e5 e6 3. d4 b6 4. c3 c5 5. Nf3 c4 6. b3 b5 7. a4 Qa5 8. Bb2 bxa4 9.
b4 Bxb4 10. cxb4 Qxb4+ 11. Qd2 Qb3 12. Bc3 f5 13. Be2 Nh6 14. Qg5 a3 15. Bd1 Qb6
16. Qxg7 Nf7 17. Ng5 Qb7 18. Nxf7 Qxf7 19. Qxh8+ Qf8 20. Bh5+ Ke7 21. Bb4+ 1-0

[Event "Challenge"]
[Site "http://www.queenalice.com/game.php?id=250018"]
[Date "2007.8.3"]
[Round "-"]
[White "lesangesleader"]
[Black "KrikorMendes"]
[Result "1-0"]
[WhiteElo "1490"]
[BlackElo "1264"]

1. Nf3 g6 2. d4 b5 3. a3 d5 4. e3 e6 5. Bxb5+ Bd7 6. Bxd7+ Nxd7 7. O-O c5 8. c3
cxd4 9. cxd4 Ndf6 10. b4 Ne4 11. Ne5 a5 12. Qa4+ Ke7 13. Nc6+ Kd7 14. Nxd8+ Kxd8
15. Bb2 Ngf6 16. Rc1 Rc8 17. Rxc8+ Kxc8 18. Qxa5 Ng4 19. f3 Nc3 20. Nxc3 Nxe3
21. Nb5 Bg7 22. Qc7# 1-0

[Event "Challenge"]
[Site "http://www.queenalice.com/game.php?id=250992"]
[Date "2007.8.4"]
[Round "-"]
[White "DanielAlvesGarciaSantosSilva"]
[Black "KrikorMendes"]
[Result "1-0"]
[WhiteElo "1413"]
[BlackElo "1263"]

1. e4 d5 2. exd5 Qxd5 3. Nc3 Qc6 4. Bb5 a6 5. Bxc6+ Nxc6 6. d3 Nd4 7. Be3 c5 8.
Ne4 f5 9. Nxc5 b6 10. Bxd4 bxc5 11. Bxc5 Rb8 12. Bd4 Bb7 13. f3 e6 14. Nh3 h6
15. Nf4 Kf7 16. O-O Bd6 17. Nh5 e5 18. Bc3 g6 19. Ng3 f4 20. Ne4 Bxe4 21. dxe4
Bc5+ 22. Kh1 Ne7 23. Bxe5 Nc6 24. Bxh8 Rxh8 25. Qd5+ 1-0

[Event "Challenge"]
[Site "http://www.queenalice.com/game.php?id=250995"]
[Date "2007.8.4"]
[Round "-"]
[White "diego2907"]
[Black "KrikorMendes"]
[Result "1-0"]
[WhiteElo "1560"]
[BlackElo "1187"]

1. e4 d5 2. e5 g6 3. d4 e6 4. a3 Nc6 5. Nf3 Nh6 6. Be3 Ng4 7. h3 Nxe3 8. fxe3 f5
9. g4 Bh6 10. Qd2 a5 11. Bb5 a4 12. Bxc6+ bxc6 13. Qc3 Ra6 14. b3 fxg4 15. hxg4
1-0

[Event "Pollo al Espiedo"]
[Site "http://www.queenalice.com/game.php?id=260238"]
[Date "2007.8.23"]
[Round "2"]
[White "KrikorMendes"]
[Black "El_Montes"]
[Result "0-1"]
[WhiteElo "1251"]
[BlackElo "1437"]

1. g3 e5 2. d4 exd4 3. Qxd4 b6 4. b4 Nc6 5. Qe3+ Qe7 6. Nc3 Qxe3 7. Bxe3 Nxb4 8.
Rc1 Bb7 9. f3 Bc5 10. Bf4 Ne7 11. Bxc7 Ned5 12. Nb5 O-O 13. e4 Nc3 14. Nxc3 Rfe8
15. Nge2 g5 16. Bh3 Bc6 17. g4 Rac8 18. a3 Na6 19. a4 Nxc7 20. f4 h6 21. fxg5
hxg5 22. Ng3 Ne6 23. Rf1 Bd4 24. Rf3 Nc5 25. Ra1 a6 26. Nf5 Nxe4 27. Nh6+ Kg7
28. Nf5+ Kg6 29. Nxd4 Nxc3+ 0-1

[Event "AUTO-INT-591"]
[Site "http://www.queenalice.com/game.php?id=262237"]
[Date "2007.8.27"]
[Round "1"]
[White "KrikorMendes"]
[Black "Zugzwang"]
[Result "0-1"]
[WhiteElo "1216"]
[BlackElo "1340"]

1. g3 d5 2. d4 Nf6 3. b4 e6 4. Bh3 Bxb4+ 5. Bd2 Bd6 6. Nf3 O-O 7. Bg5 Bb4+ 8. c3
Be7 9. Ne5 h6 10. Be3 Qd6 11. Bf4 Qb6 12. Qb3 Qxb3 13. axb3 c5 14. Na3 Nc6 15.
Nb5 Nxe5 16. dxe5 Nd7 17. Nc7 Rb8 0-1

[Event "AUTO-INT-591"]
[Site "http://www.queenalice.com/game.php?id=262238"]
[Date "2007.8.27"]
[Round "1"]
[White "Zugzwang"]
[Black "KrikorMendes"]
[Result "1-0"]
[WhiteElo "1309"]
[BlackElo "1216"]

1. e4 c5 2. f4 d5 3. exd5 Qxd5 4. Nc3 Qd4 5. d3 g6 6. Nf3 Bg4 7. Be2 Nc6 8. Nxd4
cxd4 9. Nd5 Rc8 10. Bxg4 e6 11. O-O Rd8 12. Nc7+ Kd7 13. Nb5 Nf6 14. b3 a6 15.
Na3 h5 16. Bf3 1-0

[Event "AUTO-OPEN-806"]
[Site "http://www.queenalice.com/game.php?id=262306"]
[Date "2007.8.27"]
[Round "1"]
[White "KrikorMendes"]
[Black "ricardosf"]
[Result "0-1"]
[WhiteElo "1232"]
[BlackElo "1486"]

1. g3 e6 2. e4 d5 3. e5 f6 4. Qh5+ g6 5. Qe2 fxe5 6. Qxe5 Ne7 7. Qxh8 Nbc6 8.
Bb5 g5 9. Qxh7 a6 10. Qh5+ Kd7 11. Qxg5 axb5 12. Nf3 Nb4 13. Ne5+ Kd6 0-1

[Event "AUTO-OPEN-806"]
[Site "http://www.queenalice.com/game.php?id=262307"]
[Date "2007.8.27"]
[Round "1"]
[White "ricardosf"]
[Black "KrikorMendes"]
[Result "1-0"]
[WhiteElo "1480"]
[BlackElo "1238"]

1. e3 d5 2. b3 b6 3. c4 Nf6 4. Ba3 Ne4 5. cxd5 Qxd5 6. Nc3 Nxc3 7. dxc3 Qa5 8.
Bxe7 Bxe7 9. b4 Qa3 10. Bb5+ c6 11. Qc1 Qxc1+ 12. Rxc1 cxb5 13. Ne2 1-0

[Event "AUTO-OPEN-806"]
[Site "http://www.queenalice.com/game.php?id=262310"]
[Date "2007.8.27"]
[Round "1"]
[White "KrikorMendes"]
[Black "carloswecker"]
[Result "0-1"]
[WhiteElo "1253"]
[BlackElo "1861"]

1. g3 g6 2. c4 Bg7 3. e3 Nf6 4. b4 Ne4 5. Qg4 f5 6. Qf4 Bxa1 7. d3 Nc3 8. Nxc3
Bxc3+ 9. Bd2 Bxd2+ 10. Kxd2 b6 11. Qh6 Kf7 12. Nf3 Qf8 13. Ng5+ Ke8 14. Qh4 h6
15. Nf3 Qg7 16. d4 Bb7 17. b5 Bxf3 18. Rg1 d6 19. Qf4 Bb7 0-1

[Event "AUTO-OPEN-806"]
[Site "http://www.queenalice.com/game.php?id=262311"]
[Date "2007.8.27"]
[Round "1"]
[White "carloswecker"]
[Black "KrikorMendes"]
[Result "1-0"]
[WhiteElo "1859"]
[BlackElo "1257"]

1. d4 d5 2. c4 dxc4 3. Nc3 e5 4. dxe5 Qxd1+ 5. Nxd1 Bb4+ 6. Nc3 Ne7 7. Bd2 Nf5
8. e3 f6 9. exf6 gxf6 10. O-O-O Nd6 11. Nf3 Bf5 12. Nd4 Bd3 13. Bxd3 cxd3 14.
Ncb5 a6 15. Nxc7+ Kd8 16. Nde6+ Kd7 17. Bxb4 Nc6 18. Bxd6 Kxd6 19. Rxd3+ Ke5 20.
f3 Nd8 21. Rd5# 1-0